Oxford Dictionaries Top 1000 English Words - 55 Start with M - Statistics

General Stats
  • This quiz has been taken 6,168 times
  • The average score is 25 of 55
Answer Stats
M % Correct
Me
99%
Man
94%
Make
87%
More
87%
My
86%
Most
80%
May
78%
Mean
70%
Meet
70%
Miss
68%
Must
68%
Mother
66%
Male
64%
Move
61%
Main
60%
Mark
60%
Mass
59%
Might
59%
Many
58%
Mind
55%
Much
55%
Maybe
52%
Money
44%
Matter
41%
Myself
41%
Manage
39%
Major
37%
Month
37%
Minute
36%
Market
35%
Million
35%
Mix
33%
Management
32%
Manager
32%
Movement
32%
Match
31%
Music
31%
Maintain
30%
Meeting
30%
Model
29%
Movie
29%
Mention
28%
Modern
26%
Moment
26%
Majority
25%
Memory
25%
Measure
23%
Message
22%
Material
20%
Medical
20%
Member
18%
Media
17%
Method
11%
Minister
10%
Military
8%
No matching quizzes found
Score Distribution
Percent of People with Each Score
Percentile by Number Answered
Your Score History
You have not taken this quiz